000
00259nam a22001097a 4500
008
230703b xxu||||| |||| 00| 0 eng d
082
_a
342.689
_b
ROM
245
_a
The Constitution of the republic of malawi
260
_c
1999
300
_a
94p
942
_2
ddc
_c
BK
999
_c
3478
_d
3478